Statistics for 3000 takes grand special

Click here to take the quiz!

General Stats

  • This quiz has been taken 6 times
  • The average score is 29 of 34

Answer Stats

HintAnswer% Correct
11
100%
1010
100%
1111
100%
1212
100%
1313
100%
1414
100%
1515
100%
1616
100%
1717
100%
1818
100%
1919
100%
22
100%
2020
100%
33
100%
44
100%
55
100%
66
100%
77
100%
88
100%
99
100%
4English
100%
3French
100%
2German
100%
1Russian
100%
Explosive material that China made a killing out of:Gunpowder
67%
#5Java
67%
#1JavaScript
67%
#2Python
67%
Crop imported to China by Vietnamese ChampaRice
67%
5Turkish
67%
#4CSS
33%
#3HTML
33%
Who believed that Caliphs should be the real leaders?Sunni
33%
Major trading city in Mali:Timbuktu
33%

Score Distribution

Percentile by Number Answered

Percent of People with Each Score

Your Score History

You have not taken this quiz